Las junteras
Gespeichert in:
| 1. Verfasser: | |
|---|---|
| Format: | Buch |
| Sprache: | Spanisch |
| Veröffentlicht: |
Madrid
Espasa-Calpe
1982
|
| Ausgabe: | 4a. ed |
| Schriftenreihe: | Colección Austral
|
| Schlagworte: | |
| Tags: |
Tag hinzufügen
Keine Tags, Fügen Sie den ersten Tag hinzu!
|
MARC
| LEADER | 00000nam a2200000 a 4500 | ||
|---|---|---|---|
| 001 | UCX9103 | ||
| 003 | CL-VaPUC | ||
| 008 | 940516e19820000SP |||||||||||||||||spa|d | ||
| 082 | 0 | 4 | |a 882 |b ARI |2 21 |
| 100 | 0 | |a Aristófanes |e author |9 326405 | |
| 245 | 1 | 4 | |a Las junteras |
| 246 | 1 | 4 | |a Las nubes |
| 246 | 1 | 4 | |a Las avispas |
| 250 | |a 4a. ed | ||
| 300 | |a 176 p | ||
| 942 | |c BK | ||
| 945 | |d 19940516 00:00:00 |a oaravena | ||
| 260 | |a Madrid |b Espasa-Calpe |c 1982 | ||
| 650 | 7 | |a COMEDIA GRIEGA |2 CL-VaPUC |9 326406 | |
| 650 | 0 | |a Tragedia griega |9 265362 | |
| 583 | |a last modification |c 19940516 00:00:00 |k Rodrigo Vera | ||
| 490 | 0 | |a Colección Austral | |
| 999 | |c 228432 |d 228430 | ||
| 952 | |0 0 |1 0 |4 0 |6 882_000000000000000_ARI_1982 |7 0 |8 A |9 228470 |a BIBEDU |b BIBEDU |d 2019-11-15 |i 2979810 |o 882 ARI 1982 |p 2979810 |r 2019-11-15 |w 2019-11-15 |y BK |k LIT | ||